| 000 | 00987nas a2200289 4500 | ||
|---|---|---|---|
| 001 | BR8300981 | ||
| 003 | BR-BrBNA | ||
| 005 | 20231205085443.0 | ||
| 007 | ta | ||
| 008 | 230509b bl.|||p| |||| 00| 00por d | ||
| 040 |
_aBR-BrBNA _bpor _cBiblioteca Nacional de Agricultura |
||
| 041 | _a(Pt) | ||
| 072 | _aE10 | ||
| 100 | 1 | _aSilva, A.E.S. da | |
| 100 | 1 | _aBotelho, F. | |
| 100 | 1 | _aSilva, J.M.A. da | |
| 245 | 1 | _aEstimacao e analise da funcao consumo para o Brasil, no periodo de 1947 a 1977 [demanda, renda, planejamento economico] | |
| 246 | 1 | _a[Estimation and analysis of the consumption function for Brazil, in the period 1947 to 1977 [demand, income, economical planning]] | |
| 650 | _aPLANEJAMENTO ECONOMICO | ||
| 650 | _aCONSUMO | ||
| 650 | _aDEMANDA | ||
| 650 | _aRENDA | ||
| 650 | _aANALISE ECONOMICA | ||
| 773 | 0 |
_tSeiva (Brazil) _xISSN 0037-1122 _g(Jul 1982), v. 42(91) p. 59-71 _wBR8300981 |
|
| 909 |
_a202311 _bLúcia _c55 _dLúcia Elande |
||
| 942 |
_2AGRIS _n0 _cANA |
||
| 999 |
_c111536 _d111536 |
||